Dr. S. R. Lasker Library Online Catalogue

Home      Library Home      Institutional Repository      E-Resources      MyAthens      EWU Home

বাংলাদেশের মুক্তিযুদ্ধ : বহির্বিশ্বে শত্রু-মিত্র / (Record no. 8846)

MARC details
000 -LEADER
fixed length control field 01002nam a2200277 a 4500
001 - CONTROL NUMBER
control field 8846
003 - CONTROL NUMBER IDENTIFIER
control field BD-DhEWU
005 - DATE AND TIME OF LATEST TRANSACTION
control field 20190224102158.0
008 - FIXED-LENGTH DATA ELEMENTS--GENERAL INFORMATION
fixed length control field 190224s2011 bg g 000 0 ben d
020 ## - INTERNATIONAL STANDARD BOOK NUMBER
International Standard Book Number 9840749250
040 ## - CATALOGING SOURCE
Original cataloging agency BD-DhEWU
Modifying agency BD-DhEWU
Language of cataloging ben
Transcribing agency BD-DhEWU
041 ## - LANGUAGE CODE
Language code of text/sound track or separate title ben
082 04 - DEWEY DECIMAL CLASSIFICATION NUMBER
Classification number 954.92051
Item number BAB 2011
100 1# - MAIN ENTRY--PERSONAL NAME
Personal name সিরু বাঙালি.
Miscellaneous information Siru Bangali.
9 (RLIN) 24114
245 #0 - TITLE STATEMENT
Title বাংলাদেশের মুক্তিযুদ্ধ : বহির্বিশ্বে শত্রু-মিত্র /
Statement of responsibility, etc সিরু বাঙালি.
246 ## - VARYING FORM OF TITLE
Title proper/short title Bangladesher Muktijuddha : bohirbishwe shotru-mitra.
260 ## - PUBLICATION, DISTRIBUTION, ETC. (IMPRINT)
Place of publication, distribution, etc Dhaka :
Name of publisher, distributor, etc Bangla Academy,
Date of publication, distribution, etc 2011.
300 ## - PHYSICAL DESCRIPTION
Extent 403 p. ;
Dimensions 22 cm.
526 ## - STUDY PROGRAM INFORMATION NOTE
Program name Library
590 ## - LOCAL NOTE (RLIN)
Local note NEWAZ
650 #0 - SUBJECT ADDED ENTRY--TOPICAL TERM
Topical term or geographic name as entry element Bangladesh -- Politics and government.
9 (RLIN) 24116
Topical term or geographic name as entry element Liberation War
Geographic subdivision Bangladesh
9 (RLIN) 24130
653 1# - INDEX TERM--UNCONTROLLED
Uncontrolled term মুক্তিযুদ্ধ -- বাংলাদেশ
942 ## - ADDED ENTRY ELEMENTS (KOHA)
Koha item type Text
Source of classification or shelving scheme Dewey Decimal Classification
Holdings
Withdrawn status Lost status Source of classification or shelving scheme Damaged status Not for loan Collection code Home library Current library Shelving location Date acquired Source of acquisition Total Checkouts Full call number Barcode Date last seen Date checked out Price effective from Koha item type
    Dewey Decimal Classification   Not For Loan Non-fiction Dr. S. R. Lasker Library, EWU Dr. S. R. Lasker Library, EWU Freedom Fighter Corner 19/02/2020 Ministry of Liberation War Affairs 2 954.92051 BAB 2011 29757 20/03/2024 14/03/2024 24/02/2019 Text